| 000 | 00350nam a2200145Ia 4500 | ||
|---|---|---|---|
| 008 | 211109s9999||||xx |||||||||||||| ||und|| | ||
| 082 |
_a230 _bSJP-M |
||
| 100 | _aS J P Mamman, | ||
| 245 | 0 | _aMethrabhisheka Karmam | |
| 260 |
_bDell _aErnakulam _c1969 |
||
| 300 | _a59p. | ||
| 630 | _xGeneral Stack | ||
| 650 |
_aReligion _xGeneralia |
||
| 942 | _cBOOK | ||
| 999 |
_c21610 _d21610 |
||